Aplikovaná matematika

Na minha lista:
Detalhes bibliográficos
Formato: Livro
Idioma:tcheco
Publicado em: Praha Státní nakladatelství technické literatury 1978
Colecção:Oborové encyklopedie SNTL
Tags: Adicionar Tag
Sem tags, seja o primeiro a adicionar uma tag!

MARC

LEADER 00000nam a2200000 4500
001 c119825
005 20041019155215.2
041 0 |a cze 
044 |a CZ 
245 1 0 |a Aplikovaná matematika 
264 1 |a Praha  |b Státní nakladatelství technické literatury  |c 1978 
300 |a S. 1143-2382 
490 1 |a Oborové encyklopedie SNTL 
830 0 |a Oborové encyklopedie SNTL